01309nam a22003977a 4500001001000000003000900010005001700019007000300036008003400039040005400073041001000127072002600137090001900163100002300182100001800205100002300223100001900246100002000265100002300285100002000308110007000328245013400398260003800532300001100570500001400581650001600595650001000611650001200621650001500633650002700648650002400675909003600699942000700735999001700742952015200759BR0806850BR-BrBNA20230928102747.0ta230509b bl.||||| |||| 00| 0 por d aBR-BrBNAbporcBiblioteca Nacional de Agricultura a(Por) aQ02b1624b1530b1845  1624 BR08068501 aSoares, N. de F.F.1 aPuschmann, R.1 aSimões, A. do N.1 aCosta, F.B. da1 aSilva, E. de O.1 aCarnelossi, M.A.G.1 aSilva, R. de C.1 aServiço Nacional de Aprendizagem Rural, Brasília, DF (Brasil)1 aTrabalhador na olericultura básica; processamento mínimo de hortaliças; couve, cenoura e pimentãobcoleção SENAR, 1113 aBrasília, DF (Brasil): c2006.  a80 p.  a80 illus. aHORTALIÇA aCOUVE aCENOURA aPIMENTÃO aPROCESSAMENTO MÍNIMO aHIGIENE DE ALIMENTO a202309bLuciac55dLucia Elande cBK c72351d72351 002AGRIS40708AGROBASEa41918b41918l0o 1624 BR0806850p1624 BR0806850r2023-09-25t01yBK10d2023-09-25ePortaria Interministerial nº 164/94